000 00390nam a2200133Ia 4500
005 20260328101459.0
008 260328s9999||||xx |||||||||||||| ||und||
100 _aJensen, Robert
245 0 _aOrnamentalism :
_b The new decorativeness in Architecture and Design /
_cRobert Jensen
260 _bClarkson Potter Publishers
300 _a297 p.
650 _aARQUITECTURA INTERIOR
942 _cBK
999 _c8922
_d8922